Statistics for US States by Borders in 15 Seconds

Click here to take the quiz!

General Stats

  • This quiz has been taken 668 times
  • The average score is 28 of 50

Answers on the Map

Answers color-coded by a green-red scale on the quiz's map according to % correct below.
Loading ...
 

Answer Stats

Bordering StatesState% Correct
Arkansas, Colorado, Kansas, Missouri, New Mexico, TexasOklahoma
89%
Arizona, Colorado, Oklahoma, Texas, UtahNew Mexico
88%
Arizona, California, Idaho, Oregon, UtahNevada
88%
California, Colorado, Nevada, New Mexico, UtahArizona
85%
Louisiana, Mississippi, Missouri, Oklahoma, Tennessee, TexasArkansas
85%
California, Idaho, Nevada, WashingtonOregon
82%
Arizona, Colorado, Idaho, Nevada, New Mexico, WyomingUtah
79%
Arizona, Nevada, OregonCalifornia
78%
Arkansas, Louisiana, New Mexico, OklahomaTexas
78%
Montana, Nevada, Oregon, Utah, Washington, WyomingIdaho
78%
Arkansas, Illinois, Iowa, Kansas, Kentucky, Nebraska, Oklahoma, TennesseeMissouri
76%
Illinois, Indiana, Missouri, Ohio, Tennessee, Virginia, West VirginiaKentucky
75%
Arkansas, Mississippi, TexasLouisiana
75%
Colorado, Idaho, Montana, Nebraska, South Dakota, UtahWyoming
74%
Alabama, Florida, North Carolina, South Carolina, TennesseeGeorgia
72%
Arizona, Kansas, Nebraska, New Mexico, Oklahoma, Utah, WyomingColorado
71%
Florida, Georgia, Mississippi, TennesseeAlabama
70%
Colorado, Iowa, Kansas, Missouri, South Dakota, WyomingNebraska
69%
Alabama, Arkansas, Georgia, Kentucky, Mississippi, Missouri, North Carolina, VirginiaTennessee
63%
Delaware, Maryland, New Jersey, New York, Ohio, West VirginiaPennsylvania
62%
Illinois, Minnesota, Missouri, Nebraska, South Dakota, WisconsinIowa
61%
Colorado, Missouri, Nebraska, OklahomaKansas
60%
Illinois, Kentucky, Michigan, OhioIndiana
59%
Indiana, Iowa, Kentucky, Missouri, WisconsinIllinois
57%
Alabama, GeorgiaFlorida
57%
Connecticut, New Hampshire, New York, Rhode Island, VermontMassachusetts
56%
Connecticut, Massachusetts, New Jersey, Pennsylvania, VermontNew York
56%
Iowa, Minnesota, Montana, Nebraska, North Dakota, WyomingSouth Dakota
55%
Idaho, North Dakota, South Dakota, WyomingMontana
54%
Indiana, Kentucky, Michigan, Pennsylvania, West VirginiaOhio
52%
Massachusetts, New Hampshire, New YorkVermont
52%
Massachusetts, New York, Rhode IslandConnecticut
51%
Idaho, OregonWashington
49%
Delaware, New York, PennsylvaniaNew Jersey
47%
Kentucky, Maryland, Ohio, Pennsylvania, VirginiaWest Virginia
47%
Illinois, Iowa, Michigan, MinnesotaWisconsin
45%
Indiana, Ohio, WisconsinMichigan
43%
Georgia, South Carolina, Tennessee, VirginiaNorth Carolina
42%
Kentucky, Maryland, North Carolina, Tennessee, West VirginiaVirginia
41%
Alabama, Arkansas, Louisiana, TennesseeMississippi
39%
Minnesota, Montana, South DakotaNorth Dakota
36%
Iowa, North Dakota, South Dakota, WisconsinMinnesota
34%
Maine, Massachusetts, VermontNew Hampshire
31%
Alaska
26%
New HampshireMaine
22%
Delaware, Pennsylvania, Virginia, West VirginiaMaryland
20%
Georgia, North CarolinaSouth Carolina
20%
Hawaii
19%
Connecticut, MassachusettsRhode Island
17%
Maryland, New Jersey, PennsylvaniaDelaware
10%

Score Distribution

Percentile by Number Answered

Percent of People with Each Score

Your Score History

You have not taken this quiz